State quiz- Rhode Island - Statistics

General Stats
  • This quiz has been taken 15 times
  • The average score is 13 of 25
Answer Stats
Hint Answer % Correct
1) Capital and largest city Providence
100%
13) This state borders Rhode Island to the north and east Massachusetts
92%
2) Prestigious Ivy League collegein the above Brown
85%
16) This state is west of RI Connecticut
85%
4) Rhode Island is called the _____ state Ocean
85%
21) Rhode Island was the ____ state to join the Union 13
62%
12) Popular summer island off the southern coastof Rhode Island Block Island
62%
5) Popular island with many early 20thcentury mansions Newport
62%
20) The Red Sox triple A team once played in this city Pawtucket
62%
7) This man colonized Rhode Island afterhis banishment from Massachusetts Roger Williams
62%
25) Newports' Americas Cup celebrated this sporting event sailing
62%
24) This sports' hall of fame is located in Newport tennis
62%
14) Providence College team name Friars
54%
6) This wealthy family built the prominent Breakers estate in Newport Vanderbilt
54%
3) Classic comedy about moronicbest friends traveling from RI to Aspen Dumb and Dumber
46%
15) Popular beach town in southern RI named for the local native tribe Narragansett
46%
10) 2nd biggest city Warwick
46%
23) This comedy is about a RI state trooper with alterego personalities. (_____, _____ and ______) Me, Myself and Irene
31%
19) This rocky point in Narragansett is a main harbor forferries to Block Island Point Judith
31%
9) The main airport in Rhode Island TF Green
31%
22) What was Lloyds last name in Dumb and Dumber? Christmas
23%
8) Ed and Lorraine Warren conducted investigationsthat inspired this horror movie at an isolated RI farmhouse Conjuring
15%
11) Cross from North Kingstown onto this islandbefore Newport Jamestown
15%
17) The Rhode Island state flower is the blue violet
8%
18) Who converted his van into a makeshift dog for hisgrooming business? (movie character) Harry Dunn
8%
No matching quizzes found
Score Distribution
Percent of People with Each Score
Percentile by Number Answered
Your Score History
You have not taken this quiz